[Event "ETCC Open 2023"]
[Site "Budva"]
[Date "2023.11.19"]
[Round "8.64"]
[White "Pobor, Milo"]
[Black "Haring, Filip"]
[Result "0-1"]
[WhiteElo "2195"]
[BlackElo "2446"]
[Annotator "RC"]
[PlyCount "112"]
[EventDate "2023.11.10"]
[EventType "team-tourn"]
[EventCountry "MNE"]
[SourceTitle "playchess.com"]
[Source "ChessBase"]
[SourceQuality "1"]
[WhiteTeam "Montenegro"]
[BlackTeam "Slovakia"]
[WhiteTeamCountry "MNE"]
[BlackTeamCountry "SVK"]

1. e4 c6 2. d4 d5 3. e5 Bf5 4. h4 h5 5. Bd3 Bxd3 6. Qxd3 Qa5+ 7. Nd2 e6 8. Ne2 c5 9. dxc5 Nc6 10. O-O Qxc5 11. Nb3 Qc4 12. Bf4 Qxd3 13. cxd3 Nge7 14. Nbd4 Ng6 15. Nxc6 bxc6 16. Rac1 Kd7 17. g3 c5 18. b3 Be7 19. Rfe1 Nxf4 20. Nxf4 a5 21. Rc2 g6 22. Rec1 Rhb8 23. Ne2 a4 24. d4 axb3 25. axb3 Rxb3 26. dxc5 Ra4 27. c6+ Kc7 28. Kf1 Rbb4 29. Nc3 Ra5 30. Ne2 Rbb5 31. Nd4 Rb4 32. Ne2 Ra3 33. Kg2 Bf8 34. Rd1 Bg7 35. Nf4 Ra5 36. Re1 Rc4 37. Rb2 Kxc6 38. Rb8 Ra7 39. Rg8 Bh6 40. Nxe6 fxe6 41. Rxg6 Bd2 42. Rxe6+ Kc5 43. Re2 Bc3 44. Re8 Re4 45. Rxe4 dxe4 46. Rh8 Kd5 47. Rxh5 Rf7 48. e6+ Kxe6 49. Rh6+ Kd5 50. Ra6 Kd4 51. Ra2 Kd3 52. Ra3 Rf3 53. Ra2 Bd2 54. Ra4 Be1 55. Ra2 Rxf2+ 56. Rxf2 Bxf2 0-1

[Event "ETCC Open 2023"]
[Site "Budva"]
[Date "2023.11.19"]
[Round "8.65"]
[White "Bogner, Sebastian"]
[Black "Keinanen, Toivo"]
[Result "1/2-1/2"]
[WhiteElo "2536"]
[BlackElo "2527"]
[Annotator "RC"]
[PlyCount "84"]
[EventDate "2023.11.10"]
[EventType "team-tourn"]
[EventCountry "MNE"]
[SourceTitle "playchess.com"]
[Source "ChessBase"]
[SourceQuality "1"]
[WhiteTeam "Switzerland"]
[BlackTeam "Finland"]
[WhiteTeamCountry "SUI"]
[BlackTeamCountry "FIN"]

1. e4 e6 2. d4 d5 3. Nc3 dxe4 4. Nxe4 Nd7 5. Nf3 Ngf6 6. Bg5 h6 7. Nxf6+ Nxf6 8. Be3 Bd6 9. Bd3 O-O 10. Qe2 b6 11. O-O-O Bb7 12. Ne5 Nd5 13. Bd2 Qh4 14. Nf3 Qf6 15. Qe4 Qg6 16. Qxg6 fxg6 17. Be4 Rab8 18. Rhe1 g5 19. h3 Bf4 20. c4 Bxd2+ 21. Rxd2 Nf4 22. Ne5 Bxe4 23. Rxe4 Rbd8 24. f3 Rd6 25. b4 Rfd8 26. b5 a6 27. Nc6 Ra8 28. h4 axb5 29. cxb5 Nd5 30. hxg5 Nc3 31. Re5 Nxb5 32. Ne7+ Kf7 33. Rxb5 Kxe7 34. gxh6 gxh6 35. Rh5 Ra4 36. Rxh6 Rdxd4 37. Re2 Rac4+ 38. Kb2 Rb4+ 39. Kc2 Rbc4+ 40. Kb2 Rb4+ 41. Kc2 Rbc4+ 42. Kb2 Rb4+ 1/2-1/2

[Event "ETCC Open 2023"]
[Site "Budva"]
[Date "2023.11.19"]
[Round "8.66"]
[White "Sipila, Vilka"]
[Black "Pelletier, Yannick"]
[Result "0-1"]
[WhiteElo "2429"]
[BlackElo "2505"]
[Annotator "RC"]
[PlyCount "70"]
[EventDate "2023.11.10"]
[EventType "team-tourn"]
[EventCountry "MNE"]
[SourceTitle "playchess.com"]
[Source "ChessBase"]
[SourceQuality "1"]
[WhiteTeam "Finland"]
[BlackTeam "Switzerland"]
[WhiteTeamCountry "FIN"]
[BlackTeamCountry "SUI"]

1. e4 e6 2. d4 d5 3. e5 c5 4. c3 Nc6 5. Nf3 Bd7 6. Be2 Nge7 7. O-O Ng6 8. Re1 Be7 9. Na3 cxd4 10. cxd4 Rc8 11. Nc2 Qb6 12. g3 f6 13. h4 fxe5 14. h5 e4 15. hxg6 exf3 16. Bxf3 hxg6 17. Bg4 Kf7 18. Qe2 Nd8 19. b3 Bb5 20. Qd1 Bf6 21. Bf4 Rc3 22. Bd2 Rd3 23. Be2 Qc7 24. Kg2 Qd7 25. Bxd3 Bxd3 26. Be3 e5 27. Rh1 Rxh1 28. Qxh1 Bxc2 29. dxe5 Bxe5 30. Rc1 Be4+ 31. f3 Qg4 32. fxe4 Qxg3+ 33. Kf1 Qxe3 34. Rc8 Qd3+ 35. Kg1 Qd1+ 0-1

[Event "ETCC Open 2023"]
[Site "Budva"]
[Date "2023.11.19"]
[Round "8.67"]
[White "Kurmann, Oliver"]
[Black "Valkama, Eero"]
[Result "1/2-1/2"]
[WhiteElo "2436"]
[BlackElo "2310"]
[Annotator "RC"]
[PlyCount "63"]
[EventDate "2023.11.10"]
[EventType "team-tourn"]
[EventCountry "MNE"]
[SourceTitle "playchess.com"]
[Source "ChessBase"]
[SourceQuality "1"]
[WhiteTeam "Switzerland"]
[BlackTeam "Finland"]
[WhiteTeamCountry "SUI"]
[BlackTeamCountry "FIN"]

1. e4 e5 2. Nf3 Nc6 3. Bb5 a6 4. Ba4 Nf6 5. O-O Be7 6. Re1 b5 7. Bb3 d6 8. c3 O-O 9. h3 Re8 10. Ng5 Rf8 11. Nf3 Re8 12. d4 Bf8 13. a3 Bb7 14. Nbd2 h6 15. Bc2 Nb8 16. b4 Nbd7 17. a4 d5 18. Nxe5 Nxe4 19. Nxe4 dxe4 20. Bf4 Nf6 21. Qd2 Bd5 22. Re2 c6 23. a5 Bd6 24. Rae1 Qc7 25. Bg3 Re6 26. Ng4 Nxg4 27. Bxd6 Qxd6 28. hxg4 Rae8 29. g3 g5 30. Re3 R8e7 31. Qd1 Qd8 32. Qb1 1/2-1/2

[Event "ETCC Open 2023"]
[Site "Budva"]
[Date "2023.11.19"]
[Round "8.68"]
[White "Wartiovaara, Oliver"]
[Black "Baenziger, Fabian"]
[Result "1-0"]
[WhiteElo "2270"]
[BlackElo "2422"]
[Annotator "RC"]
[PlyCount "51"]
[EventDate "2023.11.10"]
[EventType "team-tourn"]
[EventCountry "MNE"]
[SourceTitle "playchess.com"]
[Source "ChessBase"]
[SourceQuality "1"]
[WhiteTeam "Finland"]
[BlackTeam "Switzerland"]
[WhiteTeamCountry "FIN"]
[BlackTeamCountry "SUI"]

1. e4 c5 2. Nf3 Nc6 3. d4 cxd4 4. Nxd4 Nf6 5. Nc3 d6 6. Bb5 Bd7 7. Bg5 e6 8. Qd3 Be7 9. O-O-O Nxd4 10. Bxd7+ Nxd7 11. Bxe7 Kxe7 12. Qxd4 Qb6 13. Qxg7 Rag8 14. Qh6 Rxg2 15. Qh4+ f6 16. Rhg1 Rxg1 17. Rxg1 Qc5 18. Rg7+ Kd8 19. Qg4 Qxf2 20. Qxe6 Qf4+ 21. Kd1 Qf1+ 22. Kd2 Qf4+ 23. Ke1 Qh4+ 24. Kd1 Qh5+ 25. Ne2 Qb5 26. Rxd7+ 1-0

[Event "ETCC Open 2023"]
[Site "Budva"]
[Date "2023.11.19"]
[Round "8.69"]
[White "Saraci, Nderim"]
[Black "Nielsen, Hogni Egilstoft"]
[Result "1-0"]
[WhiteElo "2466"]
[BlackElo "2387"]
[Annotator "RC"]
[PlyCount "59"]
[EventDate "2023.11.10"]
[EventType "team-tourn"]
[EventCountry "MNE"]
[SourceTitle "playchess.com"]
[Source "ChessBase"]
[SourceQuality "1"]
[WhiteTeam "Kosovo"]
[BlackTeam "Faroe Islands"]
[WhiteTeamCountry "KOS"]
[BlackTeamCountry "FAI"]

1. Nf3 Nf6 2. g3 g6 3. Bg2 Bg7 4. O-O O-O 5. d4 d6 6. c4 Nc6 7. Nc3 Bg4 8. Be3 Nd7 9. Qd2 e5 10. dxe5 Bxf3 11. exf3 Ndxe5 12. Qe2 Na5 13. c5 Nec4 14. cxd6 Nxe3 15. dxc7 Qxc7 16. fxe3 Rfd8 17. Rfc1 Qc4 18. Qf2 Qb4 19. f4 Nc4 20. Nd5 Qxb2 21. Rab1 Qxf2+ 22. Kxf2 Nb6 23. Nxb6 Rd2+ 24. Ke1 Rad8 25. Bd5 Rxh2 26. Rc8 Rxc8 27. Nxc8 Bc3+ 28. Kf1 b6 29. Rc1 Bd2 30. Rc2 1-0

[Event "ETCC Open 2023"]
[Site "Budva"]
[Date "2023.11.19"]
[Round "8.70"]
[White "Poulsen, Martin"]
[Black "Uruci, Endrit"]
[Result "0-1"]
[WhiteElo "2291"]
[BlackElo "2315"]
[Annotator "RC"]
[PlyCount "108"]
[EventDate "2023.11.10"]
[EventType "team-tourn"]
[EventCountry "MNE"]
[SourceTitle "playchess.com"]
[Source "ChessBase"]
[SourceQuality "1"]
[WhiteTeam "Faroe Islands"]
[BlackTeam "Kosovo"]
[WhiteTeamCountry "FAI"]
[BlackTeamCountry "KOS"]

1. b3 e5 2. Bb2 Nc6 3. e3 Nf6 4. c4 g6 5. Nf3 d6 6. d4 Bg7 7. Nc3 e4 8. Nd2 Bf5 9. Ne2 O-O 10. Ng3 Qd7 11. d5 Nb4 12. a3 Na6 13. Be2 Rfe8 14. Nxf5 Qxf5 15. g4 Qd7 16. b4 Nb8 17. h4 Qe7 18. h5 Nxh5 19. Bxg7 Nxg7 20. Nb3 Nd7 21. Qc2 Qg5 22. O-O-O Nf6 23. Rdg1 Re7 24. Na5 Rb8 25. Kb1 Nge8 26. Rg3 Kg7 27. Qb2 Qe5 28. g5 Qxb2+ 29. Kxb2 Nd7 30. Rgh3 Nf8 31. Kc3 Kg8 32. Rg1 Ng7 33. Rh4 Ne8 34. Rf4 Kg7 35. Rgg4 f5 36. Rh4 h5 37. gxh6+ Kf6 38. Bg4 Kg5 39. Be2 Kf6 40. Bg4 Nh7 41. Rh1 Re5 42. Kd4 g5 43. Bxf5 Rxf5 44. Rxe4 Kf7 45. Rh2 Nef6 46. Re6 g4 47. e4 Rf4 48. c5 Ng5 49. cxd6 cxd6 50. h7 Rh8 51. Rxd6 Nf3+ 52. Ke3 Rxe4+ 53. Kd3 Rd4+ 54. Ke3 Rxd5 0-1

[Event "ETCC Open 2023"]
[Site "Budva"]
[Date "2023.11.19"]
[Round "8.71"]
[White "Asllani, Muhamet"]
[Black "Egilstoft, Rogvi"]
[Result "0-1"]
[WhiteElo "2216"]
[BlackElo "2254"]
[Annotator "RC"]
[PlyCount "138"]
[EventDate "2023.11.10"]
[EventType "team-tourn"]
[EventCountry "MNE"]
[SourceTitle "playchess.com"]
[Source "ChessBase"]
[SourceQuality "1"]
[WhiteTeam "Kosovo"]
[BlackTeam "Faroe Islands"]
[WhiteTeamCountry "KOS"]
[BlackTeamCountry "FAI"]

1. e4 e5 2. Nf3 Nc6 3. Bc4 Bc5 4. c3 Nf6 5. d3 a6 6. a4 Ba7 7. b4 d6 8. h3 h6 9. Be3 O-O 10. Bxa7 Rxa7 11. O-O Ne7 12. Nbd2 Ng6 13. Re1 Qe7 14. Nf1 Nh5 15. Ne3 Nhf4 16. d4 Ra8 17. Bf1 c6 18. Kh2 exd4 19. Nxd4 Ne6 20. Ndf5 Qf6 21. Qd2 d5 22. Ng4 Qg5 23. Qc2 Nef4 24. f3 dxe4 25. fxe4 Ne7 26. Qf2 Nxf5 27. exf5 Nd5 28. c4 Nxb4 29. Re5 f6 30. Ra5 h5 31. Rb1 hxg4 32. Rxb4 g3+ 33. Qxg3 Qxg3+ 34. Kxg3 Kf7 35. Kg4 Rd8 36. Be2 Rd2 37. Kf3 Ke7 38. h4 Kd8 39. Ke3 Rd7 40. Bf3 Re7+ 41. Kd4 Kc7 42. Rc5 Bd7 43. a5 Rd8 44. Rb6 Be8+ 45. Kc3 Re3+ 46. Kc2 Rd6 47. Rb1 Rd4 48. h5 Kd6 49. Rxb7 Kxc5 50. Rxg7 Rxf3 51. gxf3 Bxh5 52. Ra7 Bxf3 53. Rxa6 Be4+ 54. Kc3 Rxc4+ 55. Kb3 Bc2+ 56. Kb2 Bxf5 57. Ra8 Be4 58. a6 Kb6 59. a7 f5 60. Kb3 Bd5 61. Kb2 f4 62. Ka3 Kb7 63. Rb8+ Kxa7 64. Rb1 f3 65. Rb2 Rg4 66. Rh2 Kb6 67. Rb2+ Kc7 68. Rh2 Kd6 69. Rh6+ Ke5 0-1

[Event "ETCC Open 2023"]
[Site "Budva"]
[Date "2023.11.19"]
[Round "8.72"]
[White "Rodgaard, John"]
[Black "Saraci, Korab"]
[Result "1-0"]
[WhiteElo "2281"]
[BlackElo "2200"]
[Annotator "RC"]
[PlyCount "105"]
[EventDate "2023.11.10"]
[EventType "team-tourn"]
[EventCountry "MNE"]
[SourceTitle "playchess.com"]
[Source "ChessBase"]
[SourceQuality "1"]
[WhiteTeam "Faroe Islands"]
[BlackTeam "Kosovo"]
[WhiteTeamCountry "FAI"]
[BlackTeamCountry "KOS"]

1. Nf3 g6 2. c4 Bg7 3. Nc3 e5 4. d4 exd4 5. Nxd4 Nc6 6. Nxc6 bxc6 7. g3 Ne7 8. Bg2 O-O 9. O-O d6 10. Qc2 Be6 11. b3 Qd7 12. Bb2 Bh3 13. Rad1 Bxg2 14. Kxg2 Qe6 15. Rfe1 f5 16. f4 g5 17. e3 g4 18. e4 Qg6 19. Na4 Bxb2 20. Nxb2 c5 21. Na4 Nc6 22. exf5 Qh5 23. Qe4 Nd4 24. Qd5+ Kh8 25. Rxd4 cxd4 26. Qxd4+ Kg8 27. Re7 Rf7 28. Qd5 Raf8 29. Rxc7 Re8 30. Qxf7+ Qxf7 31. Rxf7 Kxf7 32. Kf2 Kf6 33. Nc3 a6 34. Nd5+ Kf7 35. Nc7 Re4 36. Nxa6 d5 37. Nc5 Rd4 38. Ke3 Rd1 39. cxd5 Rxd5 40. Nd3 Rd6 41. a4 Kf6 42. a5 Kxf5 43. b4 Ke6 44. Ke4 h5 45. f5+ Kd7 46. b5 Kc7 47. Nf4 Rd2 48. f6 Kd6 49. b6 Rb2 50. Kf5 Rb5+ 51. Kg6 Rxa5 52. f7 Ke7 53. Kg7 1-0

[Event "ETCC Open 2023"]
[Site "Budva"]
[Date "2023.11.19"]
[Round "8.73"]
[White "Pasko, Llambi"]
[Black "Muir, Andrew J"]
[Result "1/2-1/2"]
[WhiteElo "2395"]
[BlackElo "2227"]
[Annotator "RC"]
[PlyCount "118"]
[EventDate "2023.11.10"]
[EventType "team-tourn"]
[EventCountry "MNE"]
[SourceTitle "playchess.com"]
[Source "ChessBase"]
[SourceQuality "1"]
[WhiteTeam "Albania"]
[BlackTeam "Scotland"]
[WhiteTeamCountry "ALB"]
[BlackTeamCountry "SCO"]

1. d4 d5 2. c4 e6 3. Nf3 Nf6 4. Nc3 c6 5. e3 Nbd7 6. Bd3 dxc4 7. Bxc4 b5 8. Bd3 Bb7 9. O-O a6 10. e4 c5 11. d5 Qc7 12. dxe6 fxe6 13. Bc2 c4 14. Qe2 Bd6 15. Ng5 Nc5 16. f4 e5 17. a4 O-O 18. axb5 exf4 19. Qxc4+ Kh8 20. Kh1 h6 21. Nf3 Ncxe4 22. Qxc7 Bxc7 23. Nh4 Rfe8 24. Ng6+ Kg8 25. Nxe4 Nxe4 26. Bxf4 Bxf4 27. bxa6 Rxa6 28. Rxa6 Nf2+ 29. Kg1 Nh3+ 30. Kh1 Bxa6 31. gxh3 Bxf1 32. Nxf4 Re1 33. Kg1 Bd3+ 34. Kf2 Rf1+ 35. Kg2 Rxf4 36. Bxd3 Kf8 37. b3 g5 38. Kg3 Ke7 39. Be2 Kd6 40. Bg4 Rd4 41. Be2 Ke5 42. Kf3 Rd2 43. b4 Rb2 44. b5 Rb3+ 45. Kg4 Rb2 46. Kf3 Kd4 47. Bf1 h5 48. Be2 Rb3+ 49. Kg2 h4 50. Bg4 Rxb5 51. Bd7 Rb3 52. Be6 Rc3 53. Bd7 Ke3 54. Be6 Rc2+ 55. Kg1 Rc1+ 56. Kg2 Rc2+ 57. Kg1 Kf3 58. Bg4+ Ke3 59. Be6 Rc1+ 1/2-1/2

[Event "ETCC Open 2023"]
[Site "Budva"]
[Date "2023.11.19"]
[Round "8.74"]
[White "Morrison, Graham"]
[Black "Mehmeti, Dritan"]
[Result "1-0"]
[WhiteElo "2221"]
[BlackElo "2377"]
[Annotator "RC"]
[PlyCount "73"]
[EventDate "2023.11.10"]
[EventType "team-tourn"]
[EventCountry "MNE"]
[SourceTitle "playchess.com"]
[Source "ChessBase"]
[SourceQuality "1"]
[WhiteTeam "Scotland"]
[BlackTeam "Albania"]
[WhiteTeamCountry "SCO"]
[BlackTeamCountry "ALB"]

1. d4 Nf6 2. c4 e6 3. Nf3 b6 4. g3 Bb7 5. Bg2 Be7 6. O-O O-O 7. Nc3 Ne4 8. Bd2 Bf6 9. Qc2 Nxd2 10. Qxd2 d6 11. e4 Nd7 12. Rfe1 a6 13. a4 Be7 14. Rad1 c6 15. Qc2 Qc7 16. Qb1 Rac8 17. h4 h6 18. Bh3 Rfe8 19. Re3 Bf8 20. g4 g6 21. g5 h5 22. d5 exd5 23. cxd5 c5 24. e5 Nxe5 25. Nxe5 Rxe5 26. Rxe5 dxe5 27. Bxc8 Qxc8 28. Qe4 Bg7 29. Qf3 Qd7 30. Ne4 Qxa4 31. b3 Qd7 32. Kh2 a5 33. d6 Bc6 34. Rd3 Bb7 35. Qh3 Qxh3+ 36. Rxh3 Bf8 37. Nf6+ 1-0

[Event "ETCC Open 2023"]
[Site "Budva"]
[Date "2023.11.19"]
[Round "8.75"]
[White "Ashiku, Franc"]
[Black "Mitchell, Martin"]
[Result "1-0"]
[WhiteElo "2396"]
[BlackElo "2186"]
[Annotator "RC"]
[PlyCount "67"]
[EventDate "2023.11.10"]
[EventType "team-tourn"]
[EventCountry "MNE"]
[SourceTitle "playchess.com"]
[Source "ChessBase"]
[SourceQuality "1"]
[WhiteTeam "Albania"]
[BlackTeam "Scotland"]
[WhiteTeamCountry "ALB"]
[BlackTeamCountry "SCO"]

1. d4 Nf6 2. c4 e6 3. g3 c5 4. d5 exd5 5. cxd5 d6 6. Nc3 g6 7. Nf3 Bg7 8. Bg2 O-O 9. O-O Re8 10. Bf4 Bf5 11. Nh4 Bg4 12. Qd2 b5 13. Nxb5 Rxe2 14. Qc1 Nh5 15. Bxd6 Rxb2 16. Bc7 Qd7 17. d6 Rxb5 18. Rb1 Rxb1 19. Qxb1 Na6 20. Bxa8 Nxc7 21. dxc7 Qxc7 22. Qb7 Qxb7 23. Bxb7 Be6 24. a4 c4 25. Rb1 c3 26. Be4 Bd4 27. a5 Nf6 28. Nf3 Bc5 29. Ng5 Bd7 30. Bc2 Nd5 31. Ne4 Be7 32. Nxc3 Nxc3 33. Rb7 Ne2+ 34. Kf1 1-0

[Event "ETCC Open 2023"]
[Site "Budva"]
[Date "2023.11.19"]
[Round "8.76"]
[White "Grant, Jonathan I M"]
[Black "Veleshnja, Zino"]
[Result "0-1"]
[WhiteElo "2150"]
[BlackElo "2269"]
[Annotator "RC"]
[PlyCount "118"]
[EventDate "2023.11.10"]
[EventType "team-tourn"]
[EventCountry "MNE"]
[SourceTitle "playchess.com"]
[Source "ChessBase"]
[SourceQuality "1"]
[WhiteTeam "Scotland"]
[BlackTeam "Albania"]
[WhiteTeamCountry "SCO"]
[BlackTeamCountry "ALB"]

1. c4 e5 2. Nc3 d6 3. g3 f5 4. d4 Nf6 5. dxe5 dxe5 6. Qxd8+ Kxd8 7. Bg5 c6 8. O-O-O+ Kc7 9. Nf3 h6 10. Bxf6 gxf6 11. Bh3 Bb4 12. Kc2 Be6 13. b3 Na6 14. Nh4 Nc5 15. f3 f4 16. Bf5 Rhg8 17. Bxe6 Nxe6 18. Nf5 Bxc3 19. Kxc3 h5 20. Rd2 Rg5 21. h4 Rgg8 22. g4 hxg4 23. Nh6 g3 24. Nxg8 Rxg8 25. Rdd1 c5 26. h5 Nd4 27. Rde1 Nf5 28. h6 Rh8 29. h7 Ne3 30. Rh6 Kd7 31. Reh1 Ke7 32. Rg6 Kf7 33. Rhh6 Rxh7 34. Rxf6+ Kg8 35. Rfg6+ Rg7 36. Rxg7+ Kxg7 37. Rh5 Kf6 38. Rh8 Ng4 39. Rh4 Nf2 40. Rh8 Kg7 41. Rh5 Kf6 42. Rh8 Nh3 43. Rh6+ Kf5 44. e4+ fxe3 45. Rxh3 Kf4 46. Rh8 Kxf3 47. Rf8+ Ke2 48. Rg8 e4 49. Rxg3 Kf2 50. Rg4 e2 51. Rxe4 e1=Q+ 52. Rxe1 Kxe1 53. Kd3 Kd1 54. a3 Kc1 55. b4 Kb2 56. bxc5 Kxa3 57. Kc3 a5 58. c6 bxc6 59. c5 a4 0-1

[Event "ETCC Open 2023"]
[Site "Budva"]
[Date "2023.11.20"]
[Round "9.1"]
[White "Saric, Ivan"]
[Black "Keymer, Vincent"]
[Result "1/2-1/2"]
[WhiteElo "2659"]
[BlackElo "2721"]
[Annotator "TA"]
[PlyCount "134"]
[EventDate "2023.11.10"]
[EventType "team-tourn"]
[EventCountry "MNE"]
[SourceTitle "playchess.com"]
[Source "ChessBase"]
[SourceQuality "1"]
[WhiteTeam "Croatia"]
[BlackTeam "Germany"]
[WhiteTeamCountry "CRO"]
[BlackTeamCountry "GER"]

1. e4 e5 2. Nf3 Nc6 3. Bc4 Nf6 4. d3 Bc5 5. O-O a6 6. a4 d6 7. c3 Ba7 8. Re1 O-O 9. h3 h6 10. Nbd2 Be6 11. Bxe6 fxe6 12. b4 Ne7 13. Nf1 Ng6 14. N1h2 Rf7 15. g3 d5 16. Be3 Bxe3 17. Rxe3 Qd6 18. Qb3 a5 19. bxa5 Nd7 20. d4 Raf8 21. Rd1 dxe4 22. Nxe5 Ndxe5 23. dxe5 Qc6 24. Qb5 Qxb5 25. axb5 Rxf2 26. Rxe4 Ra2 27. b6 cxb6 28. axb6 Rff2 29. Nf1 Rg2+ 30. Kh1 Rgb2 31. Kg1 Rxb6 32. Rd2 Ra5 33. Rd6 Rb1 34. Kf2 Rb2+ 35. Rd2 Rb3 36. Rd6 Rb2+ 37. Rd2 Rb3 38. Rd6 Nxe5 39. Rxe6 Nd3+ 40. Kg1 Rxc3 41. Re8+ Kh7 42. R8e7 Rg5 43. h4 Rg6 44. Re3 b5 45. Rd7 Nf4 46. Rxc3 Ne2+ 47. Kg2 Nxc3 48. Rb7 Re6 49. Kf3 Ne2 50. Nd2 Nd4+ 51. Kf4 Re2 52. Nb1 Ne6+ 53. Kg4 Re4+ 54. Kf5 Re3 55. Rxb5 Nd4+ 56. Kf4 Rxg3 57. Kxg3 Nxb5 58. h5 Kg8 59. Kf4 Nc7 60. Nc3 Kf7 61. Ke5 Ne8 62. Nd5 Nf6 63. Nxf6 gxf6+ 64. Kd6 Kf8 65. Ke6 Kg7 66. Kd5 Kf7 67. Kd6 f5 1/2-1/2

[Event "ETCC Open 2023"]
[Site "Budva"]
[Date "2023.11.20"]
[Round "9.2"]
[White "Svane, Rasmus"]
[Black "Brkic, Ante"]
[Result "1/2-1/2"]
[WhiteElo "2647"]
[BlackElo "2622"]
[Annotator "TA"]
[PlyCount "65"]
[EventDate "2023.11.10"]
[EventType "team-tourn"]
[EventCountry "MNE"]
[SourceTitle "playchess.com"]
[Source "ChessBase"]
[SourceQuality "1"]
[WhiteTeam "Germany"]
[BlackTeam "Croatia"]
[WhiteTeamCountry "GER"]
[BlackTeamCountry "CRO"]

1. d4 Nf6 2. c4 e6 3. Nf3 d5 4. Nc3 Bb4 5. Bg5 h6 6. Bxf6 Qxf6 7. Qa4+ Nc6 8. e3 O-O 9. Be2 Bxc3+ 10. bxc3 Bd7 11. Rc1 Rfd8 12. cxd5 exd5 13. O-O b6 14. Bd3 Na5 15. Qc2 c5 16. Ne5 Be6 17. Qb1 Nc4 18. Bxc4 dxc4 19. f4 cxd4 20. exd4 Bf5 21. Qb2 Rac8 22. a4 Qd6 23. Qe2 Qe6 24. Qf3 f6 25. g4 Bh7 26. f5 Qe8 27. Ng6 Bxg6 28. Rce1 Qf7 29. fxg6 Qxg6 30. Re7 h5 31. h3 hxg4 32. hxg4 Re8 33. Rfe1 1/2-1/2

[Event "ETCC Open 2023"]
[Site "Budva"]
[Date "2023.11.20"]
[Round "9.3"]
[White "Martinovic, Sasa"]
[Black "Donchenko, Alexander"]
[Result "1/2-1/2"]
[WhiteElo "2542"]
[BlackElo "2664"]
[Annotator "TA"]
[PlyCount "136"]
[EventDate "2023.11.10"]
[EventType "team-tourn"]
[EventCountry "MNE"]
[SourceTitle "playchess.com"]
[Source "ChessBase"]
[SourceQuality "1"]
[WhiteTeam "Croatia"]
[BlackTeam "Germany"]
[WhiteTeamCountry "CRO"]
[BlackTeamCountry "GER"]

1. d4 Nf6 2. c4 e6 3. Nf3 d5 4. Nc3 Bb4 5. Qa4+ Nc6 6. e3 O-O 7. Bd2 Re8 8. a3 Bf8 9. Be2 a6 10. O-O h6 11. Rad1 Bd6 12. Bc1 dxc4 13. Bxc4 Qe7 14. Qc2 e5 15. h3 Kh8 16. dxe5 Nxe5 17. Nxe5 Bxe5 18. Rfe1 Be6 19. Nd5 Qc5 20. b4 Qc6 21. Qa2 Ne4 22. Bb3 Rad8 23. f3 Nc3 24. Nxc3 Qxc3 25. Bxe6 fxe6 26. Qe2 c5 27. f4 Bf6 28. bxc5 Qxc5 29. Rxd8 Rxd8 30. Bb2 Bxb2 31. Qxb2 Rd3 32. Qxb7 Rxe3 33. Qb8+ Kh7 34. Qb1+ Kg8 35. Qb8+ Kf7 36. Qb7+ Kf6 37. Qb2+ Kf5 38. Rxe3 Qxe3+ 39. Kh1 e5 40. fxe5 Qe1+ 41. Kh2 Qxe5+ 42. Qxe5+ Kxe5 43. Kg3 a5 44. Kg4 g6 45. a4 Kd4 46. h4 Ke4 47. g3 Ke3 48. h5 g5 49. Kf5 Kf3 50. Kg6 Kxg3 51. Kxh6 Kf4 52. Kg7 g4 53. h6 g3 54. h7 g2 55. h8=Q g1=Q+ 56. Kf7 Qc5 57. Qf6+ Ke4 58. Qe7+ Kd4 59. Qxc5+ Kxc5 60. Ke6 Kb4 61. Kd5 Kxa4 62. Kc4 Ka3 63. Kc3 a4 64. Kc2 Kb4 65. Kb2 a3+ 66. Ka2 Ka4 67. Kb1 Kb3 68. Ka1 a2 1/2-1/2

[Event "ETCC Open 2023"]
[Site "Budva"]
[Date "2023.11.20"]
[Round "9.4"]
[White "Kollars, Dmitrij"]
[Black "Bosiocic, Marin"]
[Result "1-0"]
[WhiteElo "2642"]
[BlackElo "2537"]
[Annotator "TA"]
[PlyCount "81"]
[EventDate "2023.11.10"]
[EventType "team-tourn"]
[EventCountry "MNE"]
[SourceTitle "playchess.com"]
[Source "ChessBase"]
[SourceQuality "1"]
[WhiteTeam "Germany"]
[BlackTeam "Croatia"]
[WhiteTeamCountry "GER"]
[BlackTeamCountry "CRO"]

1. e4 c6 2. d4 d5 3. e5 Bf5 4. h4 h5 5. Bd3 Bxd3 6. Qxd3 e6 7. Nf3 Ne7 8. Bg5 Qb6 9. Nbd2 Nf5 10. O-O Qa6 11. c4 Bb4 12. Rfc1 Bxd2 13. Nxd2 Nd7 14. Qc3 c5 15. dxc5 d4 16. Qc2 f6 17. Bf4 Nxh4 18. Re1 f5 19. Bg5 Ng6 20. Nb3 h4 21. Nxd4 h3 22. c6 Ndf8 23. Qb3 bxc6 24. gxh3 c5 25. Nb5 Kf7 26. Qf3 Rb8 27. Kh2 Kg8 28. b3 Nd7 29. Qg3 f4 30. Bxf4 Rf8 31. Bg5 Ndxe5 32. f4 Qc6 33. Re3 Rf5 34. fxe5 Rh5 35. Bf6 Qd7 36. Qxg6 Qd2+ 37. Kh1 Rhg5 38. Bxg5 Rf2 39. Qe8+ Kh7 40. Qh5+ Kg8 41. Re2 1-0

[Event "ETCC Open 2023"]
[Site "Budva"]
[Date "2023.11.20"]
[Round "9.5"]
[White "Fedoseev, Vladimir"]
[Black "Kadric, Denis"]
[Result "1-0"]
[WhiteElo "2675"]
[BlackElo "2584"]
[Annotator "TA"]
[PlyCount "51"]
[EventDate "2023.11.10"]
[EventType "team-tourn"]
[EventCountry "MNE"]
[SourceTitle "playchess.com"]
[Source "ChessBase"]
[SourceQuality "1"]
[WhiteTeam "Slovenia"]
[BlackTeam "Montenegro"]
[WhiteTeamCountry "SLO"]
[BlackTeamCountry "MNE"]

1. d4 Nf6 2. c4 g6 3. Nc3 Bg7 4. e4 d6 5. Nf3 O-O 6. Be2 Na6 7. O-O e5 8. Be3 Qe7 9. d5 Ng4 10. Bg5 f6 11. Bc1 c5 12. dxc6 bxc6 13. Rb1 Nc7 14. b4 Rd8 15. a4 Be6 16. Nd2 f5 17. b5 d5 18. exf5 gxf5 19. bxc6 dxc4 20. Qc2 Qc5 21. Nxc4 Bxc4 22. Nb5 Bxb5 23. Qxc5 Bxe2 24. Re1 Ne6 25. Qa5 Nd4 26. c7 1-0

[Event "ETCC Open 2023"]
[Site "Budva"]
[Date "2023.11.20"]
[Round "9.6"]
[White "Djukic, Nikola"]
[Black "Subelj, Jan"]
[Result "1/2-1/2"]
[WhiteElo "2518"]
[BlackElo "2513"]
[Annotator "RC"]
[PlyCount "166"]
[EventDate "2023.11.10"]
[EventType "team-tourn"]
[EventCountry "MNE"]
[SourceTitle "playchess.com"]
[Source "ChessBase"]
[SourceQuality "1"]
[WhiteTeam "Montenegro"]
[BlackTeam "Slovenia"]
[WhiteTeamCountry "MNE"]
[BlackTeamCountry "SLO"]

1. e4 c6 2. c4 e5 3. Nf3 d6 4. d4 Bg4 5. Be2 Nd7 6. Nc3 Be7 7. d5 Ngf6 8. Nd2 Bxe2 9. Qxe2 Rc8 10. O-O O-O 11. Rd1 a6 12. Nf1 cxd5 13. cxd5 b5 14. Bd2 Nb6 15. b3 Nfd7 16. Rdc1 Bg5 17. Nd1 Bxd2 18. Nxd2 Nc5 19. Ne3 Qd7 20. Rc2 g6 21. Rac1 b4 22. Nec4 Nxc4 23. Nxc4 Qe7 24. Qe3 f5 25. exf5 gxf5 26. f4 Ne4 27. fxe5 dxe5 28. d6 Qf6 29. Qb6 Rcd8 30. Rd1 f4 31. Re1 Nxd6 32. Nxe5 Nb5 33. Qxf6 Rxf6 34. Nc6 Nd4 35. Nxd4 Rxd4 36. Re7 Rf7 37. Re6 f3 38. gxf3 Rxf3 39. Rxa6 Rc3 40. Rg2+ Kf7 41. Rf2+ Kg7 42. Re6 Rg4+ 43. Kf1 Rc1+ 44. Re1 Rg1+ 45. Kxg1 Rxe1+ 46. Kg2 Re3 47. Rf4 Re2+ 48. Kg3 Rxa2 49. Rxb4 Rb2 50. h4 Kg6 51. Kf4 Rh2 52. Ke5 Rh3 53. Kd5 Kf5 54. Kc5 Ke5 55. Kb5 h5 56. Ka4 Kd6 57. Rd4+ Ke5 58. Rc4 Kd5 59. Kb4 Kd6 60. Ka4 Kd5 61. Rb4 Kc6 62. Rf4 Rh1 63. b4 Rh3 64. Rd4 Kb6 65. Rc4 Rh1 66. Kb3 Rh3+ 67. Ka4 Rh1 68. Rf4 Rh3 69. b5 Rh1 70. Rf6+ Kb7 71. Ka5 Ra1+ 72. Kb4 Rb1+ 73. Kc5 Rc1+ 74. Kd5 Rh1 75. Rf4 Kb6 76. Rb4 Re1 77. Kd6 Re3 78. Rf4 Rb3 79. Rf5 Rxb5 80. Ke6 Rxf5 81. Kxf5 Kc6 82. Kg6 Kd7 83. Kxh5 Ke7 1/2-1/2